| 000 | 00579nam a2200181 a 4500 | ||
|---|---|---|---|
| 005 | 20140310183341.0 | ||
| 008 | 070205s19uu xx 00 eng d | ||
| 020 | _a971584362x | ||
| 050 |
_aQR 65 _b.L113 2004 |
||
| 100 | _aLee-Castro, Maria Bernadette C. | ||
| 245 |
_aLaboratory manual in microbiology for nursing students / _cMaria Bernadette C. Lee-Castro. |
||
| 260 |
_aQuezon City : _bC&E Publishing Inc, _c2004. |
||
| 300 |
_a64 p. : _c25 cm. |
||
| 521 | _aNUR | ||
| 650 |
_aMicrobiology _xLaboratory manual, handbooks, etc. |
||
| 942 |
_cBK _2lcc _kLOC |
||
| 999 |
_c21812 _d21812 |
||